Treasure island / (Registro nro. 10192)

Detalles MARC
000 -LIDER
fixed length control field 00752cam a22002777c 4500
001 - NÚMERO DE CONTROL
Identificador de número de control 5075
003 - IDENTIFICACDOR DE NÚMERO DE CONTROL
control field DO-SdBNP
005 - DATE AND TIME OF LATEST TRANSACTION
control field 20180206155154.0
007 - CAMPOS FIJOS DE DESCRIPCIÓN FÍSICA
fixed length control field 5075
008 - ELEMENTOS DE LONGITUD FIJA
fixed length control field 110627s1993 sp a |||| 000 1 eng
020 ## - ISBN
International Standard Book Number 0486275590
035 ## - NÚMERO LOCAL
System control number
040 ## - FUENTE DE CATALOGACIÓN
Agencia que crea de manera original el registro BPMSU
Idioma de catalogación spa
Agencia que realiza la transcripción BPMSU
Convenciones de la despripción
080 ## - NÚMERO DE CLASIFICACIÓN DECIMAL UNIVERSAL
Universal Decimal Classification number
100 1# - ASIENTO PRINCIPAL -- NOMBRE PERSONAL
Nombre personal Stevenson, Robert Louis
Fechas asociadas con el nombre 1850-1894
245 10 - MENCIÓN DE TITULO
Título Treasure island /
Medio (Designación general de material)
Mención de responsabilidad Robert Louis Stevenson ; edición Dover Thtift
250 ## - MENCIÓN DE EDICION
Mención de edición
260 ## - PUBLICACIÓN, DISTRIBUCIÓN, ETC. (PIE DE IMPRENTA)
Lugar de publicación, distribución, etc Estados Unidos :
Nombre del editor, distribuidor, etc. Dover Thtift,
Fecha de publicación, distribución, etc 1993
300 ## - DESCRIPCIÓN FÍSICA
Extensión 151 p.:
Otros detalles físicos il. ;
Dimensiones 21 cm
Material complementario
490 0# - MENCIÓN DE SERIES
Mención de serie
650 #7 - ENCABEZAMIENTO DE MATERIA--TEMÁTICO
Término temático o nombre geográfico como elemento de entrada Lengua inglesa
Subdivisión de forma Lecturas
Fuente del encabezamiento o término
700 1# - ASIENTO SECUNDARIO -- NOMBRE PERSONAL
Nombre personal
Fechas asociadas con el nombre
Título de una obra
942 ## - ADDED ENTRY ELEMENTS (KOHA)
Source of classification or shelving scheme Dewey Decimal Classification
Koha item type Libros
945 ## - INFORMACIÓN DE PROCESAMIENTO LOCAL
Información de procesamiento local Inventariado, 2018 / BT
956 ## - LOCAL ELECTRONIC LOCATION AND ACCESS (OCLC)
Nombre de host VMATEO
Método de acceso 10
Materiales especificados 20160523
Enlace BPMSU
Campo enlazado y núm. de secuencia 0069
Existencias
Withdrawn status Lost status Source of classification or shelving scheme Damaged status Not for loan Collection code Home library Current library Date acquired Source of acquisition Total Checkouts Barcode Date last seen Price effective from Koha item type
    Dewey Decimal Classification     Colección General Biblioteca Pública Metropolitana Salomé Ureña Biblioteca Pública Metropolitana Salomé Ureña 05/23/2016 FUNDI   BPMSU16050418 05/23/2016 05/23/2016 Libros